Advanced programming in the Unix environment / (Record no. 62378)

MARC details
000 -LEADER
fixed length control field 00615nam a22001697a 4500
005 - DATE AND TIME OF LATEST TRANSACTION
control field 20120209120030.0
020 ## - INTERNATIONAL STANDARD BOOK NUMBER
International Standard Book Number 8178080966
Terms of availability 00.00
035 ## - SYSTEM CONTROL NUMBER
System control number B-78949
037 ## - SOURCE OF ACQUISITION
Stock number DPL
Source of stock number/acquisition ENG
100 ## - MAIN ENTRY--PERSONAL NAME
Personal name Stevens, W. Richard
245 ## - TITLE STATEMENT
Title Advanced programming in the Unix environment /
Statement of responsibility, etc W. Richard Stevens
250 ## - EDITION STATEMENT
Edition statement 12th rpr.
260 ## - PUBLICATION, DISTRIBUTION, ETC. (IMPRINT)
Name of publisher, distributor, etc Pearson Education
Date of publication, distribution, etc 2003
300 ## - PHYSICAL DESCRIPTION
Extent xiv, 744p.
Dimensions 22 cms.
942 ## - ADDED ENTRY ELEMENTS (KOHA)
Source of classification or shelving scheme Dewey Decimal Classification
Item type English Books
Classification part 005.13
Call number suffix STE
Holdings
Withdrawn status Lost status Not for loan Collection code Home library Current library Date acquired Cost, normal purchase price Full call number Barcode Cost, replacement price Koha item type
      Non-fiction Sarojini Nagar Sarojini Nagar 09/02/2012 0.00 005.13 STE B-78949 0.00 English Books

© Delhi Public Library
Hit Counter
free hit counter